01514 2200397 4500001002100000005001500021035002000036007000300056008004100059020002200100082001500122084001700137100003300154245030500187250003600492300002800528650002300556700005100579700003900630700005300669700002200722700003500744700002800779700003700807700004100844504002500885264003200910336002100942337003000963338002300993040002201016090002201038850001201060999002201072990002201094INLIS00000000088436520240226020316 a0010-0224000912ta240226s2023 yoi g eng d a978-623-02-6937-004223a001.42 a001.42 WUL r0 aWulandari SantosoePengarang10aResearch methods in english language and applied linguistic :ba how-to guide /cWulandari Santoso, Magdalena Kartika Sari Tandy Rerung, Nugraheni Widianingtyas, Ronald Maraden Parlindungan Silalahi, Junita, Putri Rindu Kinasih, Alvin Taufik; penyunting, Selviana Napitupulu, Hilarius Bambang Winarko aCetakan Pertama, September 2023 ax, 138 halaman ;c20 cm 4aPenelitian, Metode0 aMagdalena Kartika Sari Tandy RerungePengarang0 aNugraheni WidianingtyasePengarang3 aSilalahi, Ronald Maraden ParlindunganePengarang0 aJunitaePengarang0 aPutri Rindu KinasihePengarang0 aAlvin TaufikePengarang3 aNapitupulu, SelvianaePenyunting0 aHilarius Bambang WinarkoePenyunting aTermasuk bibliografi31aSleman :bDeepublish,c2023 2rdacontentateks 2rdamediaatanpa perantara 2rdacarrieravolume aYOPDYOGbinderda aCB-D.11 2023-3740 aYOPDYOG aCB-D.11/2023-3740 aCB-D.11/2023-3740